000 00335 a2200109 4500
001 ART_6519
005 20260410161826.0
008 260409a
245 1 0 _aAnálisis de encuestas basado en diseño y modelos muestrales
100 1 _aLiseras, Natacha
773 0 _tFACES
_g- Año 9, Nº 17 (may./ago. 2003)
_wREV5046
999 _c22776
_d22776